[Event "Oberbayern-ch"]
[Site "Germany"]
[Date "1996.??.??"]
[Round "?"]
[White "Jaworek, Thomas"]
[Black "Koenig, Bernhard"]
[Result "0-1"]
[WhiteElo "1955"]
[BlackElo "2075"]
[PlyCount "60"]
[EventDate "1996.??.??"]
[EventType "swiss"]
[EventRounds "7"]
[EventCountry "GER"]
[SourceTitle "EXT 2004"]
[Source "ChessBase"]
[SourceDate "2003.11.25"]
[SourceVersion "1"]
[SourceVersionDate "2003.11.25"]
[SourceQuality "1"]

1. e4 c5 2. Nf3 e6 3. d4 cxd4 4. Nxd4 Nc6 5. Nc3 Qc7 6. Be3 a6 7. f4 b5 8. Be2 Bb7 9. Bf3 Rc8 10. 0-0 Na5 11. e5 Nc4 12. Bc1 Bc5 13. Ne4 Bxe4 14. Bxe4 Nxe5 15. c3 Nc4 16. Qg4 g6 17. Bd3 Nf6 18. Qg5 Be7 19. a4 b4 20. Qg3 bxc3 21. bxc3 d5 22. Rf3 Ra8 23. Qh3 Nd6 24. Ba3 Nde4 25. Bxe7 Qxe7 26. Re1 0-0 27. Rfe3 Rfc8 28. f5 exf5 29. Qh4 Re8 30. Rh3 Nh5 0-1